Informe del MCI

Gespeichert in:
Bibliographische Detailangaben
Körperschaft: Movimiento Campesino Independiente (Guatemala)
Format: Text
Veröffentlicht: San José: CEDAL
Tags: Tag hinzufügen
Keine Tags, Fügen Sie den ersten Tag hinzu!

MARC

LEADER 00000 a a2200000 04500
001 18703
003
040
090 |a 010200  
110 |a Movimiento Campesino Independiente (Guatemala)  
245 |a Informe del MCI  
260 |a San José:   |b CEDAL  
300 |a 3 p.  
999 |c 5148  |d 5148